Loading...
| Current Events | 3 | 13.33 | 100% | 0% | 33% |
| Fine Arts - Classical Music | 7 | 17.14 | 100% | 71% | 0% |
| Fine Arts - Other | 6 | 13.33 | 83% | 50% | 0% |
| Fine Arts - Painting and Sculpture | 6 | 16.67 | 100% | 67% | 0% |
| Geography | 1 | 0.00 | 0% | 0% | 0% |
| History - American | 3 | 20.00 | 100% | 100% | 0% |
| History - European | 10 | 16.00 | 100% | 50% | 10% |
| History - Other | 4 | 17.50 | 75% | 75% | 25% |
| History - World | 5 | 14.00 | 100% | 40% | 0% |
| Literature - American | 6 | 16.67 | 83% | 50% | 33% |
| Literature - British | 7 | 18.57 | 86% | 71% | 29% |
| Literature - European | 5 | 16.00 | 100% | 60% | 0% |
| Literature - World | 6 | 20.00 | 100% | 67% | 33% |
| Mythology | 6 | 18.33 | 100% | 33% | 50% |
| Other Academic | 2 | 10.00 | 100% | 0% | 0% |
| Philosophy | 7 | 17.14 | 100% | 57% | 14% |
| Pop Culture | 1 | 20.00 | 100% | 100% | 0% |
| Religion | 7 | 17.14 | 100% | 71% | 0% |
| Science - Biology | 5 | 16.00 | 80% | 60% | 20% |
| Science - Chemistry | 6 | 15.00 | 83% | 67% | 0% |
| Science - Other | 8 | 15.00 | 100% | 50% | 0% |
| Science - Physics | 5 | 14.00 | 80% | 60% | 0% |
| Social Science | 3 | 13.33 | 100% | 0% | 33% |